Súčasný stav a prognóza vývoja udržateľného podnikania na Slovensku diplomová práca

Salvato in:
Dettagli Bibliografici
Autore principale: Brhel, Martin
Ente Autore: Fakulta podnikového manažmentu EU. Katedra podnikovohospodárska
Altri autori: Kmety Barteková, Mária, 1992-
Natura: Libro
Lingua:slovacco
Pubblicazione: Bratislava 2022
Tags: Aggiungi Tag
Nessun Tag, puoi essere il primo ad aggiungerne!!

MARC

LEADER 00000nbm a2200000 4500
001 0285697
005 20230310105722.7
041 0 |a slo 
044 |a SK 
245 1 0 |a Súčasný stav a prognóza vývoja udržateľného podnikania na Slovensku  |b diplomová práca  |c Martin Brhel ; školiteľ: Mária Kmety Barteková 
264 1 |a Bratislava  |c 2022 
300 |a 66 s. 
100 1 |a Brhel, Martin 
700 1 |a Kmety Barteková, Mária, 1992- 
710 2 |a Fakulta podnikového manažmentu EU. Katedra podnikovohospodárska